000 00918nam a2200253 i 4500
001 54378
003 ES-MaACL
005 20251012212255.0
007 t|
008 960806s1869 fr a ||||1| fre d
040 _aCLM
_bspa
_cCCPB | SIC
100 1 _aFonvielle, Wilfrid de.
_951659
245 1 0 _aEclairs et tonnerre /
_cpar W. de Fonvielle ; ouvrage illustré de 39 vignettes sur bois par E. Bayard et H. Clergot.
250 _a2e. éd. rev. et augm.
260 _aParis :
_bL. Hachette et Cie.,
_c1869 (
_fImprimerie P. Bourdier, Capiomont fils et Ce.)
300 _a323 p. :
_bil. ;
_c18 cm.
490 1 _aBibliothèque des merveilles
650 4 _aElectricidad atmosférica.
_9159772
700 1 _aBayard, Émile,
_d1837-1891
_926648
700 1 _aClerget, Hubert,
_d1818-1899
_939223
830 0 _aBibliothèque des merveilles
_9182004
852 _aES-MaACL
_jD-856
999 _c54378
_d54378